Derecho a la información, hábeas data e internet (Registro nro. 136648)
[ vista simple ]
| 000 -LEADER | |
|---|---|
| fixed length control field | 01511nam a22002417a 4500 |
| 005 - DATE AND TIME OF LATEST TRANSACTION | |
| control field | 20260218094320.0 |
| 008 - FIXED-LENGTH DATA ELEMENTS--GENERAL INFORMATION | |
| fixed length control field | 170911b2002 ag ||||| |||| 00| 0bspa d |
| 020 ## - INTERNATIONAL STANDARD BOOK NUMBER | |
| International Standard Book Number | 9875170429 |
| 050 04 - LIBRARY OF CONGRESS CALL NUMBER | |
| Classification number | KHA3015 |
| Item number | D47 2002 |
| 245 00 - TITLE STATEMENT | |
| Title | Derecho a la información, hábeas data e internet |
| Remainder of title | : sociedad de la información, Ética periodística, Derecho de respuesta, Libertad de información y derecho a la intimidad, Medidas precautorias y tutela procesal efectiva del derecho a la intimidad, Responsabilidad civil de los mediso de comunicación social por la difusión de noticias, Libertad de prensa, justicia penal, derecho al honor y a la intimidad, aspectos del hábeas data, Derecho comparado en la protección de datos, Responsabilidad del estado, Acción de hábeas data (aspectosprocesales), Internet y su regulación jurídica |
| Statement of responsibility, etc | / director Juan F. Armagnague ; coordinadoras María G. Ábalos, Olga P. Arrabal de Canals ; prólogo de Aída Kemelmajer de Carlucci |
| 250 ## - EDITION STATEMENT | |
| Edition statement | 1a ed. |
| 260 ## - PUBLICATION, DISTRIBUTION, ETC. (IMPRINT) | |
| Place of publication, distribution, etc | Buenos Aires : |
| Name of publisher, distributor, etc | Ediciones La Roca, |
| Date of publication, distribution, etc | 2002 |
| 300 ## - PHYSICAL DESCRIPTION | |
| Extent | 592 p. ; |
| Dimensions | 23 cm. |
| 504 ## - BIBLIOGRAPHY, ETC. NOTE | |
| Bibliography, etc | Incluye apéndice, bibliografía : p. 569-592 |
| 650 #7 - SUBJECT ADDED ENTRY--TOPICAL TERM | |
| Source of heading or term | lemb |
| Topical term or geographic name as entry element | Libertad de informacion |
| Geographic subdivision | Argentina |
| 650 #7 - SUBJECT ADDED ENTRY--TOPICAL TERM | |
| Topical term or geographic name as entry element | Libertad de prensa |
| Geographic subdivision | Argentina |
| 650 #7 - SUBJECT ADDED ENTRY--TOPICAL TERM | |
| Source of heading or term | lemb |
| Topical term or geographic name as entry element | Internet |
| Geographic subdivision | Argentina |
| 700 ## - ADDED ENTRY--PERSONAL NAME | |
| Personal name | Armagnague, Juan F., |
| Relator term | director |
| 700 1# - ADDED ENTRY--PERSONAL NAME | |
| Personal name | Ábalos, María G., |
| Relator term | coordinador |
| 700 1# - ADDED ENTRY--PERSONAL NAME | |
| Personal name | Arrabal de Canals, Olga P., |
| Relator term | coordinador |
| 700 1# - ADDED ENTRY--PERSONAL NAME | |
| Personal name | Kemelmajer de Carlucci, Aída, |
| Relator term | prologuista |
| 942 ## - ADDED ENTRY ELEMENTS (KOHA) | |
| Source of classification or shelving scheme | Biblioteca del Cogreso de los Estados Unidos |
| Koha item type | Libro |
| Estado de pérdida | Fuente de clasificación | Estado del daño | No para préstamo | Ubicación permanente | Ubicación actual | Apartado o colección | Fecha de adquisición | Edición | Área del conocimiento | Clasificación | Código de Barras | Date last seen | Número de copia | Costo por reposición | Tipo de recurso |
|---|---|---|---|---|---|---|---|---|---|---|---|---|---|---|---|
| Biblioteca del Cogreso de los Estados Unidos | Biblioteca de la Facultad de Derecho y Ciencias Sociales "Felipe J. Tena" | Biblioteca de la Facultad de Derecho y Ciencias Sociales "Felipe J. Tena" | General | 11/09/2017 | 1a ed. | Ciencias Sociales y Administrativas | KHA3015 D47 2002 | BFD000009588 | 11/09/2017 | 1 | 1.00 | Libro |